[Event "DSJ Weihnachtsturnier U20 2020"]
[Site "https://play.chessbase.com/en/play?room=DSJWeihnachtU20"]
[Date "2020.12.29"]
[Round "7"]
[White "John, Niklas"]
[Black "Scheifel, Maximilian"]
[Result "1-0"]
[Termination "normal"]
[Board "12.4"]
[WhiteElo "1521"]
[BlackElo "1218"]
[WhiteTeam "Schachklub Münster 32 2"]
[BlackTeam "Karlsruher SF 1853 2"]
[PlyCount "101"]
[WhiteFideId "16234626"]
[BlackFideId "16279433"]
[EventRounds "7"]
[EventType "team-swiss"]
[EventDate "2020.12.29"]

1. e4 {[%emt 0:00:08]} c6 {[%emt 0:00:01]} 2. d4 {[%emt 0:00:02]} d5 {[%emt
0:00:12]} 3. Nd2 {[%emt 0:00:02]} dxe4 {[%emt 0:00:02]} 4. Nxe4 {[%emt
0:00:03]} Bf5 {[%emt 0:00:03]} 5. Ng3 {[%emt 0:00:08]} Bg6 {[%emt 0:00:01]} 6.
Nf3 { [%emt 0:00:12]} Nf6 {[%emt 0:00:01]} 7. Bd3 {[%emt 0:00:31]} Bxd3 {[%emt
0:00:06]} 8. Qxd3 {[%emt 0:00:09]} e6 {[%emt 0:00:01]} 9. O-O {[%emt 0:00:02]}
Be7 { [%emt 0:00:02]} 10. Bf4 {[%emt 0:00:09]} O-O {[%emt 0:00:02]} 11. c4
{[%emt 0:00:55]} Bd6 {[%emt 0:00:04]} 12. Bxd6 {[%emt 0:00:11]} Qxd6 {[%emt
0:00:19]} 13. Rad1 {[%emt 0:01:05]} Nbd7 {[%emt 0:00:18] Karlsru2-004 bietet
Remis} 14. Rfe1 {[%emt 0:00:51]} Qb4 {[%emt 0:00:08]} 15. Qc2 {[%emt 0:00:29]}
Qb6 { [%emt 0:00:25]} 16. Ne5 {[%emt 0:00:22]} Rfd8 {[%emt 0:00:10]} 17. Nxd7 {
[%emt 0:00:22]} Rxd7 {[%emt 0:00:04]} 18. Qc3 {[%emt 0:00:10]} Rad8 {[%emt
0:00:05]} 19. Ne2 {[%emt 0:00:18]} Ne4 {[%emt 0:00:09]} 20. Qe3 {[%emt
0:00:13]} Nf6 {[%emt 0:00:06]} 21. b3 {[%emt 0:00:04]} Qc7 {[%emt 0:00:08]} 22.
Rd2 { [%emt 0:00:03]} c5 {[%emt 0:00:03]} 23. Red1 {[%emt 0:00:09]} cxd4 {[%emt
0:00:02]} 24. Rxd4 {[%emt 0:00:06]} a6 {[%emt 0:00:09]} 25. g3 {[%emt 0:00:17]}
h6 { [%emt 0:00:03] Karlsru2-004 bietet Remis} 26. Rxd7 {[%emt 0:00:15]} Rxd7 {
[%emt 0:00:04]} 27. Rxd7 {[%emt 0:00:02]} Qxd7 {[%emt 0:00:02]} 28. Nc3 { [%emt
0:00:19]} Ng4 {[%emt 0:00:25]} 29. Qe2 {[%emt 0:00:09]} Nf6 {[%emt 0:00:19]}
30. a3 {[%emt 0:00:23]} Qd4 {[%emt 0:00:08]} 31. Qe3 {[%emt 0:00:13]} Qxe3
{[%emt 0:00:13]} 32. fxe3 {[%emt 0:00:02]} Ng4 {[%emt 0:00:02]} 33. Nd1 { [%emt
0:00:07]} Kf8 {[%emt 0:00:03]} 34. Kg2 {[%emt 0:00:01]} Ke7 {[%emt 0:00:02]}
35. Kf3 {[%emt 0:00:01]} Ne5+ {[%emt 0:00:03]} 36. Ke4 {[%emt 0:00:08]} f6
{[%emt 0:00:06]} 37. h3 {[%emt 0:00:03]} Kd6 {[%emt 0:00:02]} 38. Nf2 {[%emt
0:00:07]} b5 {[%emt 0:00:05]} 39. cxb5 {[%emt 0:00:05]} axb5 {[%emt 0:00:00]}
40. Nd3 {[%emt 0:00:12]} Nxd3 {[%emt 0:00:02]} 41. Kxd3 {[%emt 0:00:01]} Kc5 {
[%emt 0:00:01] Karlsru2-004 bietet Remis} 42. e4 {[%emt 0:00:17]} e5 {[%emt
0:00:03]} 43. g4 {[%emt 0:00:20]} g6 {[%emt 0:00:24]} 44. Kc3 {[%emt 0:00:11]}
h5 {[%emt 0:00:21]} 45. gxh5 {[%emt 0:00:10]} gxh5 {[%emt 0:00:00]} 46. h4 {
[%emt 0:00:06]} Kb6 {[%emt 0:00:08]} 47. Kb4 {[%emt 0:00:04]} Kc6 {[%emt
0:00:01]} 48. a4 {[%emt 0:00:04]} bxa4 {[%emt 0:00:02]} 49. bxa4 {[%emt
0:00:09]} f5 {[%emt 0:00:01]} 50. exf5 {[%emt 0:00:14]} e4 {[%emt 0:00:01]} 51.
Kc4 { [%emt 0:00:09] Karlsru2-004 gibt auf} 1-0

[Event "DSJ Weihnachtsturnier U20 2020"]
[Site "https://play.chessbase.com/en/play?room=DSJWeihnachtU20"]
[Date "2020.12.29"]
[Round "7"]
[White "Werner, Tom"]
[Black "Schulz, Jannis"]
[Result "0-1"]
[Termination "normal"]
[Board "13.1"]
[WhiteElo "1780"]
[BlackElo "1786"]
[WhiteTeam "VSG 1880 Offenbach"]
[BlackTeam "Barnimer Schachfreunde im SV Stahl Finow"]
[PlyCount "146"]
[WhiteFideId "16223756"]
[BlackFideId "16224710"]
[EventRounds "7"]
[EventType "team-swiss"]
[EventDate "2020.12.29"]

1. c4 {[%emt 0:00:05]} e5 {[%emt 0:00:10]} 2. Nc3 {[%emt 0:00:02]} Nc6 { [%emt
0:00:02]} 3. g3 {[%emt 0:00:04]} g6 {[%emt 0:00:01]} 4. Bg2 {[%emt 0:00:02]}
Bg7 {[%emt 0:00:07]} 5. e3 {[%emt 0:00:01]} Nge7 {[%emt 0:00:01]} 6. Nge2
{[%emt 0:00:01]} d6 {[%emt 0:00:03]} 7. O-O {[%emt 0:00:01]} O-O {[%emt
0:00:01]} 8. d3 {[%emt 0:00:01]} Be6 {[%emt 0:00:17]} 9. a3 {[%emt 0:00:26]} a5
{ [%emt 0:00:17]} 10. Rb1 {[%emt 0:00:05]} Qd7 {[%emt 0:00:07]} 11. b4 {[%emt
0:00:02]} axb4 {[%emt 0:00:01]} 12. axb4 {[%emt 0:00:00]} Bh3 {[%emt 0:00:03]}
13. b5 {[%emt 0:00:12]} Bxg2 {[%emt 0:00:21]} 14. Kxg2 {[%emt 0:00:05]} Nd8 {
[%emt 0:00:07]} 15. Bd2 {[%emt 0:00:07]} d5 {[%emt 0:00:21]} 16. c5 {[%emt
0:00:19]} d4 {[%emt 0:00:28]} 17. exd4 {[%emt 0:00:34]} exd4 {[%emt 0:00:00]}
18. Ne4 {[%emt 0:00:15]} f5 {[%emt 0:00:14]} 19. Qb3+ {[%emt 0:00:03]} Kh8 {
[%emt 0:00:07]} 20. Ng5 {[%emt 0:00:11] Barnim1-001 accepted take back of d7d5}
Qd5+ {[%emt 0:00:09]} 21. Nf3 {[%emt 0:00:06]} Ne6 {[%emt 0:00:17]} 22. Rfc1 {
[%emt 0:00:27]} Ra2 {[%emt 0:00:38]} 23. Qxd5 {[%emt 0:00:27]} Nxd5 {[%emt
0:00:00]} 24. Kf1 {[%emt 0:00:26]} h6 {[%emt 0:00:30]} 25. Rc4 {[%emt 0:00:22]}
Rfa8 {[%emt 0:00:29]} 26. Be1 {[%emt 0:00:10]} R2a4 {[%emt 0:00:28]} 27. Rbc1 {
[%emt 0:00:14]} Ra1 {[%emt 0:00:09]} 28. Rxa1 {[%emt 0:00:11]} Rxa1 {[%emt
0:00:00]} 29. Nexd4 {[%emt 0:00:02]} Nxd4 {[%emt 0:00:07]} 30. Nxd4 {[%emt
0:00:01]} Ra3 {[%emt 0:00:08]} 31. Ke2 {[%emt 0:00:28]} Kg8 {[%emt 0:00:08]}
32. c6 {[%emt 0:00:10]} bxc6 {[%emt 0:00:06]} 33. bxc6 {[%emt 0:00:12]} Kf7
{[%emt 0:00:11]} 34. Nb5 {[%emt 0:00:21]} Ra2+ {[%emt 0:00:02]} 35. Kf3 {[%emt
0:00:03]} g5 {[%emt 0:00:09]} 36. h3 {[%emt 0:00:07]} h5 {[%emt 0:00:14]} 37.
Bc3 { [%emt 0:00:04]} g4+ {[%emt 0:00:05]} 38. hxg4 {[%emt 0:00:01]} hxg4+
{[%emt 0:00:07]} 39. Kg2 {[%emt 0:00:01]} Ne3+ {[%emt 0:00:01]} 40. Kg1 {[%emt
0:00:05]} Nxc4 {[%emt 0:00:09]} 41. dxc4 {[%emt 0:00:00]} Bxc3 {[%emt 0:00:03]}
42. Nxc3 {[%emt 0:00:00]} Ra6 {[%emt 0:00:15]} 43. Nd5 {[%emt 0:00:16]} Rxc6
{[%emt 0:00:05]} 44. Ne3 {[%emt 0:00:01]} Ke6 {[%emt 0:00:05]} 45. Kf1 {[%emt
0:00:01]} Ke5 {[%emt 0:00:02]} 46. Ke2 {[%emt 0:00:01]} Ke4 {[%emt 0:00:02]}
47. Kd2 { [%emt 0:00:34]} Ra6 {[%emt 0:00:06]} 48. Ke2 {[%emt 0:00:03]} c6
{[%emt 0:00:04]} 49. Nf1 {[%emt 0:00:11]} Ra2+ {[%emt 0:00:02]} 50. Nd2+ {[%emt
0:00:05]} Rxd2+ {[%emt 0:00:07]} 51. Kxd2 {[%emt 0:00:00]} Kf3 {[%emt 0:00:01]}
52. Ke1 { [%emt 0:00:10]} c5 {[%emt 0:00:05]} 53. Kf1 {[%emt 0:00:03]} Ke4
{[%emt 0:00:01]} 54. Ke2 {[%emt 0:00:01]} Kd4 {[%emt 0:00:01]} 55. Kd2 {[%emt
0:00:04]} Kxc4 {[%emt 0:00:01]} 56. Ke3 {[%emt 0:00:04]} Kb3 {[%emt 0:00:03]}
57. Kf4 { [%emt 0:00:01]} c4 {[%emt 0:00:00]} 58. Kxf5 {[%emt 0:00:00]} c3
{[%emt 0:00:01]} 59. Kxg4 {[%emt 0:00:00]} c2 {[%emt 0:00:00]} 60. f4 {[%emt
0:00:01]} c1=Q {[%emt 0:00:01]} 61. Kg5 {[%emt 0:00:01]} Kc4 {[%emt 0:00:03]}
62. g4 {[%emt 0:00:02]} Kd5 {[%emt 0:00:01]} 63. Kf5 {[%emt 0:00:02]} Qc2+
{[%emt 0:00:01]} 64. Kg5 {[%emt 0:00:01]} Ke6 {[%emt 0:00:01]} 65. f5+ {[%emt
0:00:01]} Kf7 { [%emt 0:00:01]} 66. Kf4 {[%emt 0:00:04]} Qf2+ {[%emt 0:00:09]}
67. Kg5 { [%emt 0:00:02]} Qd2+ {[%emt 0:00:02]} 68. Kh5 {[%emt 0:00:02]} Qf4
{[%emt 0:00:04]} 69. Kh4 {[%emt 0:00:02]} Kg7 {[%emt 0:00:06]} 70. Kh3 {[%emt
0:00:03]} Qg5 {[%emt 0:00:03]} 71. Kg3 {[%emt 0:00:01]} Kf6 {[%emt 0:00:00]}
72. Kf3 { [%emt 0:00:03]} Ke5 {[%emt 0:00:00]} 73. Kg3 {[%emt 0:00:02]} Ke4
{[%emt 0:00:01]} 0-1

[Event "DSJ Weihnachtsturnier U20 2020"]
[Site "https://play.chessbase.com/en/play?room=DSJWeihnachtU20"]
[Date "2020.12.29"]
[Round "7"]
[White "Schulz, Maximilian"]
[Black "Werner, Rosalie"]
[Result "1/2-1/2"]
[Termination "normal"]
[Board "13.2"]
[WhiteElo "1629"]
[BlackElo "1751"]
[WhiteTeam "Barnimer Schachfreunde im SV Stahl Finow"]
[BlackTeam "VSG 1880 Offenbach"]
[PlyCount "119"]
[WhiteFideId "16221397"]
[BlackFideId "16223748"]
[EventRounds "7"]
[EventType "team-swiss"]
[EventDate "2020.12.29"]

1. d4 {[%emt 0:00:17]} Nf6 {[%emt 0:00:02] Offenba1-002 reconnected.} 2. c4 {
[%emt 0:00:03]} d6 {[%emt 0:00:02]} 3. Nc3 {[%emt 0:00:10]} Nbd7 {[%emt
0:00:03]} 4. g3 {[%emt 0:00:16]} g6 {[%emt 0:00:04]} 5. Bg2 {[%emt 0:00:02]}
Bg7 { [%emt 0:00:02]} 6. e4 {[%emt 0:00:20]} e5 {[%emt 0:00:03]} 7. d5 {[%emt
0:00:03]} a5 {[%emt 0:00:04]} 8. Be3 {[%emt 0:00:08]} O-O {[%emt 0:00:07]} 9.
Nge2 { [%emt 0:00:02]} Qe7 {[%emt 0:00:02]} 10. O-O {[%emt 0:00:02]} Nc5 {[%emt
0:00:01]} 11. Qc2 {[%emt 0:00:21]} Ne8 {[%emt 0:00:25]} 12. f4 {[%emt 0:00:09]}
f5 { [%emt 0:00:03]} 13. fxe5 {[%emt 0:00:07]} Bxe5 {[%emt 0:00:31]} 14. Rf2 {
[%emt 0:00:35]} fxe4 {[%emt 0:00:11]} 15. Rxf8+ {[%emt 0:00:42]} Qxf8 {[%emt
0:00:02]} 16. Nxe4 {[%emt 0:00:07]} Bf5 {[%emt 0:00:21]} 17. Bxc5 {[%emt
0:00:23] } dxc5 {[%emt 0:00:07]} 18. Qd2 {[%emt 0:00:16]} Bxe4 {[%emt 0:01:13]}
19. Bxe4 {[%emt 0:00:07]} Nd6 {[%emt 0:00:02]} 20. Bd3 {[%emt 0:00:12]} Kg7
{[%emt 0:00:24]} 21. Rf1 {[%emt 0:00:07]} Qe7 {[%emt 0:00:04]} 22. b3 {[%emt
0:00:18]} b6 { [%emt 0:00:07]} 23. Kg2 {[%emt 0:00:24]} Rf8 {[%emt 0:00:08]}
24. Rxf8 { [%emt 0:00:02]} Qxf8 {[%emt 0:00:00]} 25. Nc3 {[%emt 0:00:17]} Bd4
{[%emt 0:00:17]} 26. Ne4 {[%emt 0:00:04]} Nxe4 {[%emt 0:00:14]} 27. Bxe4 {[%emt
0:00:02]} Qf6 {[%emt 0:00:06]} 28. Qe2 {[%emt 0:00:25]} Qg5 {[%emt 0:00:12]}
29. Bf3 { [%emt 0:00:20]} Qe3 {[%emt 0:00:13]} 30. Qxe3 {[%emt 0:00:05]} Bxe3
{[%emt 0:00:00]} 31. Be4 {[%emt 0:00:01]} Kf6 {[%emt 0:00:03]} 32. Kf3 {[%emt
0:00:03]} Bh6 {[%emt 0:00:05]} 33. Ke2 {[%emt 0:00:40]} Ke5 {[%emt 0:00:07]}
34. Kd3 { [%emt 0:00:03]} Bc1 {[%emt 0:00:04]} 35. Bf3 {[%emt 0:00:02]} Bb2
{[%emt 0:00:20]} 36. h3 {[%emt 0:00:02]} Bd4 {[%emt 0:00:03]} 37. Bg4 {[%emt
0:00:11]} Bf2 {[%emt 0:00:04]} 38. Be6 {[%emt 0:00:07]} Bxg3 {[%emt 0:00:05]}
39. Bg8 { [%emt 0:00:07]} h5 {[%emt 0:00:06]} 40. Bf7 {[%emt 0:00:03]} Kf5
{[%emt 0:00:08]} 41. Be6+ {[%emt 0:00:03]} Kf6 {[%emt 0:00:09]} 42. Ke4 {[%emt
0:00:04]} Bd6 {[%emt 0:00:03]} 43. Bd7 {[%emt 0:00:03]} g5 {[%emt 0:00:08]} 44.
Be6 { [%emt 0:00:07]} Kg6 {[%emt 0:00:14]} 45. Bd7 {[%emt 0:00:06]} g4 {[%emt
0:00:36]} 46. hxg4 {[%emt 0:00:02]} h4 {[%emt 0:00:04]} 47. Kf3 {[%emt
0:01:36]} h3 {[%emt 0:00:03]} 48. Kf2 {[%emt 0:00:11]} Kg5 {[%emt 0:00:08]} 49.
Be6 { [%emt 0:00:12]} Kf4 {[%emt 0:00:17]} 50. Kg1 {[%emt 0:00:52]} Ke3 {[%emt
0:00:26]} 51. Kh1 {[%emt 0:00:04]} Kd3 {[%emt 0:00:13]} 52. g5 {[%emt 0:00:06]}
h2 { [%emt 0:00:01]} 53. g6 {[%emt 0:00:03]} Be5 {[%emt 0:00:02]} 54. g7 {[%emt
0:00:02]} Bxg7 {[%emt 0:00:02]} 55. Kxh2 {[%emt 0:00:02]} Kc2 {[%emt 0:00:02]}
56. Bd7 {[%emt 0:00:04]} Kb2 {[%emt 0:00:15]} 57. a4 {[%emt 0:00:07]} Kxb3 {
[%emt 0:00:02]} 58. Bb5 {[%emt 0:00:04]} Kc3 {[%emt 0:00:14]} 59. Kg2 {[%emt
0:00:01]} Be5 {[%emt 0:00:22]} 60. Kf3 {[%emt 0:00:01] Barnim1-002 offers a
draw} 1/2-1/2

[Event "DSJ Weihnachtsturnier U20 2020"]
[Site "https://play.chessbase.com/en/play?room=DSJWeihnachtU20"]
[Date "2020.12.29"]
[Round "7"]
[White "Werner, Florin"]
[Black "Hamm, Oliver"]
[Result "0-1"]
[Termination "normal"]
[Board "13.3"]
[WhiteElo "1533"]
[BlackElo "1548"]
[WhiteTeam "VSG 1880 Offenbach"]
[BlackTeam "Barnimer Schachfreunde im SV Stahl Finow"]
[PlyCount "110"]
[WhiteFideId "16250230"]
[BlackFideId "12999016"]
[EventRounds "7"]
[EventType "team-swiss"]
[EventDate "2020.12.29"]

1. e4 {[%emt 0:00:04]} c5 {[%emt 0:00:20]} 2. Nf3 {[%emt 0:00:06]} Nc6 { [%emt
0:00:07]} 3. d4 {[%emt 0:00:04]} cxd4 {[%emt 0:00:07]} 4. Nxd4 {[%emt 0:00:06]}
e6 {[%emt 0:00:02]} 5. Nc3 {[%emt 0:00:03]} d6 {[%emt 0:00:11]} 6. Be3 {[%emt
0:00:04]} Nf6 {[%emt 0:00:03]} 7. Bb5 {[%emt 0:00:05]} Bd7 {[%emt 0:00:03]} 8.
h3 {[%emt 0:00:11]} a6 {[%emt 0:00:09]} 9. Ba4 {[%emt 0:00:04]} e5 { [%emt
0:00:22]} 10. Nxc6 {[%emt 0:00:05]} Bxc6 {[%emt 0:00:01]} 11. Bxc6+ { [%emt
0:00:06]} bxc6 {[%emt 0:00:01]} 12. f3 {[%emt 0:00:04]} Be7 {[%emt 0:00:02]}
13. O-O {[%emt 0:00:05]} O-O {[%emt 0:00:02]} 14. Qd2 {[%emt 0:00:13]} Rb8
{[%emt 0:00:16]} 15. b3 {[%emt 0:00:05]} d5 {[%emt 0:00:19]} 16. exd5 {[%emt
0:00:24]} cxd5 {[%emt 0:00:04]} 17. Bf2 {[%emt 0:00:01]} Bb4 {[%emt 0:00:15]}
18. a3 {[%emt 0:00:05]} Ba5 {[%emt 0:00:57]} 19. b4 {[%emt 0:00:13]} Bc7 {[%emt
0:00:06]} 20. Rfe1 {[%emt 0:00:13]} Rc8 {[%emt 0:00:32]} 21. Rad1 {[%emt
0:00:13] } d4 {[%emt 0:00:31]} 22. Ne4 {[%emt 0:00:07]} Nxe4 {[%emt 0:00:06]}
23. Rxe4 { [%emt 0:00:00]} Bb8 {[%emt 0:00:18]} 24. Qd3 {[%emt 0:00:09]} Qb6
{[%emt 0:00:27]} 25. Rh4 {[%emt 0:00:24]} Qg6 {[%emt 0:00:46]} 26. Qxg6 {[%emt
0:00:06]} hxg6 {[%emt 0:00:04]} 27. Re4 {[%emt 0:00:20]} Rxc2 {[%emt 0:00:08]}
28. Bg3 { [%emt 0:00:05]} f6 {[%emt 0:00:09] Offenba1-003 offers a draw} 29.
Bh2 { [%emt 0:00:38]} Rfc8 {[%emt 0:00:08]} 30. Ree1 {[%emt 0:00:41]} Ra2
{[%emt 0:00:05]} 31. Ra1 {[%emt 0:00:03]} Rcc2 {[%emt 0:00:06]} 32. Rxa2 {[%emt
0:00:37] } Rxa2 {[%emt 0:00:02]} 33. Rc1 {[%emt 0:00:01]} Bd6 {[%emt 0:00:32]}
34. Rc6 { [%emt 0:00:11]} Be7 {[%emt 0:00:09]} 35. Rxa6 {[%emt 0:00:04]} d3
{[%emt 0:00:01]} 36. Ra7 {[%emt 0:00:08]} Kf7 {[%emt 0:00:02]} 37. Rd7 {[%emt
0:00:02]} Rxa3 {[%emt 0:00:05]} 38. Kf2 {[%emt 0:00:03]} Ke6 {[%emt 0:00:05]}
39. Rc7 { [%emt 0:00:04]} d2 {[%emt 0:00:12]} 40. Ke2 {[%emt 0:00:02]} Bxb4
{[%emt 0:00:14]} 41. Rc8 {[%emt 0:00:15]} Ra1 {[%emt 0:00:19]} 42. Rd8 {[%emt
0:00:04]} Re1+ {[%emt 0:00:17]} 43. Kf2 {[%emt 0:00:25]} Bd6 {[%emt 0:00:29]}
44. Re8+ { [%emt 0:00:16]} Kf7 {[%emt 0:00:15]} 45. Rd8 {[%emt 0:00:16]} d1=Q
{[%emt 0:00:06]} 46. Rxd6 {[%emt 0:00:05]} Rf1+ {[%emt 0:00:24]} 47. Kg3 {[%emt
0:00:07]} Qxd6 {[%emt 0:00:01]} 48. Kg4 {[%emt 0:00:03]} f5+ {[%emt 0:00:05]}
49. Kg3 { [%emt 0:00:14]} f4+ {[%emt 0:00:02]} 50. Kg4 {[%emt 0:00:02]} Qe6+
{[%emt 0:00:09]} 51. Kh4 {[%emt 0:00:03]} g5+ {[%emt 0:00:14]} 52. Kxg5 {[%emt
0:00:10]} Qg6+ {[%emt 0:00:02]} 53. Kh4 {[%emt 0:00:08]} Kf6 {[%emt 0:00:08]}
54. Bxf4 { [%emt 0:00:04]} exf4 {[%emt 0:00:07]} 55. g4 {[%emt 0:00:20]} Qg5#
{[%emt 0:00:07]} 0-1

[Event "DSJ Weihnachtsturnier U20 2020"]
[Site "https://play.chessbase.com/en/play?room=DSJWeihnachtU20"]
[Date "2020.12.29"]
[Round "7"]
[White "Conrad, Max"]
[Black "Bergmann, Lennart"]
[Result "0-1"]
[Termination "normal"]
[Board "13.4"]
[WhiteElo "1306"]
[BlackElo "1505"]
[WhiteTeam "Barnimer Schachfreunde im SV Stahl Finow"]
[BlackTeam "VSG 1880 Offenbach"]
[PlyCount "100"]
[WhiteFideId "16265572"]
[BlackFideId "16270657"]
[EventRounds "7"]
[EventType "team-swiss"]
[EventDate "2020.12.29"]

1. d4 {[%emt 0:00:10]} Nf6 {[%emt 0:00:02]} 2. Bf4 {[%emt 0:00:04]} d6 { [%emt
0:00:06]} 3. Nc3 {[%emt 0:00:18]} Nbd7 {[%emt 0:00:03]} 4. Nf3 {[%emt 0:00:23]}
g6 {[%emt 0:00:13]} 5. e4 {[%emt 0:00:03]} Bg7 {[%emt 0:00:18]} 6. Qd2 {[%emt
0:00:03]} O-O {[%emt 0:00:03]} 7. O-O-O {[%emt 0:00:05]} Re8 {[%emt 0:00:06]}
8. Bh6 {[%emt 0:00:01]} e5 {[%emt 0:00:02]} 9. dxe5 {[%emt 0:00:07]} dxe5
{[%emt 0:00:25]} 10. Bxg7 {[%emt 0:00:12]} Kxg7 {[%emt 0:00:03]} 11. Nxe5
{[%emt 0:00:01]} Rxe5 {[%emt 0:00:07]} 12. Be2 {[%emt 0:00:12]} Nxe4 {[%emt
0:00:11]} 13. Nxe4 {[%emt 0:00:05]} Rxe4 {[%emt 0:00:01]} 14. Qc3+ {[%emt
0:00:05]} Kg8 {[%emt 0:00:14]} 15. h4 {[%emt 0:00:07]} Rxe2 {[%emt 0:00:04]}
16. h5 {[%emt 0:00:06]} Qg5+ {[%emt 0:00:08]} 17. Kb1 {[%emt 0:00:06]} Qe5
{[%emt 0:00:19]} 18. Qd3 {[%emt 0:00:19]} Qe4 {[%emt 0:00:28]} 19. Qc3 {[%emt
0:00:20]} Qe5 {[%emt 0:00:53]} 20. Qd3 {[%emt 0:00:09]} c6 {[%emt 0:00:37]} 21.
hxg6 { [%emt 0:00:04]} hxg6 {[%emt 0:00:17]} 22. Qh3 {[%emt 0:00:05]} Qg7
{[%emt 0:00:23]} 23. a3 {[%emt 0:00:15]} Nf8 {[%emt 0:00:07]} 24. Qh2 {[%emt
0:00:21]} Qe5 {[%emt 0:00:25]} 25. Qh4 {[%emt 0:00:15]} Bf5 {[%emt 0:00:20]}
26. Rc1 { [%emt 0:00:25]} Re8 {[%emt 0:00:44]} 27. Qb4 {[%emt 0:00:36]} Qb5
{[%emt 0:00:46]} 28. Qh4 {[%emt 0:00:12]} Qe5 {[%emt 0:00:02]} 29. Qb4 {[%emt
0:00:04]} b6 {[%emt 0:00:09]} 30. Qc4 {[%emt 0:00:09]} Qc5 {[%emt 0:00:19]} 31.
Qa4 { [%emt 0:00:14]} Bxc2+ {[%emt 0:00:37]} 32. Rxc2 {[%emt 0:00:03]} Qxc2+ {
[%emt 0:00:01]} 33. Qxc2 {[%emt 0:00:02]} Rxc2 {[%emt 0:00:01]} 34. Kxc2 {
[%emt 0:00:01]} Re2+ {[%emt 0:00:01]} 35. Kc3 {[%emt 0:00:03]} Rxf2 {[%emt
0:00:01]} 36. Rd1 {[%emt 0:00:03]} Rxg2 {[%emt 0:00:08]} 37. Rd8 {[%emt
0:00:01]} Kg7 {[%emt 0:00:03]} 38. Ra8 {[%emt 0:00:03]} a5 {[%emt 0:00:06]} 39.
Rb8 { [%emt 0:00:02]} b5 {[%emt 0:00:02]} 40. Rc8 {[%emt 0:00:01]} Rg3+ {[%emt
0:00:02]} 41. Kc2 {[%emt 0:00:04]} b4 {[%emt 0:00:10]} 42. axb4 {[%emt
0:00:03]} axb4 {[%emt 0:00:01]} 43. Rxc6 {[%emt 0:00:03]} b3+ {[%emt 0:00:01]}
44. Kd2 { [%emt 0:00:07]} Rg2+ {[%emt 0:00:05]} 45. Kc3 {[%emt 0:00:34]} Ne6
{[%emt 0:00:05]} 46. Kxb3 {[%emt 0:00:04]} Nd4+ {[%emt 0:00:02]} 47. Kc3 {[%emt
0:00:09]} Nxc6 {[%emt 0:00:02]} 48. b3 {[%emt 0:00:02]} Rg3+ {[%emt 0:00:01]}
49. Kc4 { [%emt 0:00:02]} Rxb3 {[%emt 0:00:01]} 50. Kxb3 {[%emt 0:00:02]} Kf6
{[%emt 0:00:01]} 0-1

[Event "DSJ Weihnachtsturnier U20 2020"]
[Site "https://play.chessbase.com/en/play?room=DSJWeihnachtU20"]
[Date "2020.12.29"]
[Round "7"]
[White "Mehlhorn, David"]
[Black "Lohmann, Laurin"]
[Result "1-0"]
[Termination "normal"]
[Board "14.1"]
[WhiteElo "1511"]
[BlackElo "1736"]
[WhiteTeam "SGem Aschheim/Feldkirchen/Kirchheim"]
[BlackTeam "VfL Leipheim 1898"]
[PlyCount "54"]
[WhiteFideId "34607757"]
[BlackFideId "16281594"]
[EventRounds "7"]
[EventType "team-swiss"]
[EventDate "2020.12.29"]

1. e4 {[%emt 0:01:55]} e5 {[%emt 0:00:11]} 2. Nf3 {[%emt 0:00:04]} Nf6 { [%emt
0:00:10]} 3. d4 {[%emt 0:00:03]} Nxe4 {[%emt 0:00:14]} 4. Bd3 {[%emt 0:00:02]}
d5 {[%emt 0:00:08]} 5. Bxe4 {[%emt 0:00:10]} dxe4 {[%emt 0:00:05]} 6. Nxe5
{[%emt 0:00:00]} Bd6 {[%emt 0:00:04]} 7. Qe2 {[%emt 0:00:16]} O-O { [%emt
0:00:06]} 8. O-O {[%emt 0:00:14]} Nc6 {[%emt 0:00:07]} 9. Nxc6 {[%emt 0:00:04]}
bxc6 {[%emt 0:00:00]} 10. Qxe4 {[%emt 0:00:03]} Bb7 {[%emt 0:00:18]} 11. Nc3
{[%emt 0:00:05]} Re8 {[%emt 0:00:05]} 12. Qd3 {[%emt 0:00:12]} Qh4 { [%emt
0:00:08]} 13. g3 {[%emt 0:00:08]} Qh3 {[%emt 0:00:03]} 14. Bd2 {[%emt 0:00:05]}
Rad8 {[%emt 0:00:17]} 15. Ne4 {[%emt 0:00:06]} c5 {[%emt 0:00:10]} 16. d5
{[%emt 0:00:07]} Re5 {[%emt 0:00:16]} 17. Ng5 {[%emt 0:00:19]} Qh5 {[%emt
0:00:14]} 18. Rae1 {[%emt 0:00:07]} Rxg5 {[%emt 0:00:08]} 19. Bxg5 {[%emt
0:00:00]} Qxg5 {[%emt 0:00:00]} 20. c4 {[%emt 0:00:06]} h6 {[%emt 0:00:13]} 21.
Re4 {[%emt 0:00:02]} c6 {[%emt 0:00:05]} 22. Rfe1 {[%emt 0:00:09]} cxd5 {[%emt
0:00:07]} 23. Re8+ {[%emt 0:00:51]} Rxe8 {[%emt 0:01:15]} 24. Rxe8+ {[%emt
0:00:00]} Bf8 {[%emt 0:00:01]} 25. Qb3 {[%emt 0:01:13]} Bc6 {[%emt 0:00:19]}
26. Rc8 {[%emt 0:00:55]} Qc1+ {[%emt 0:00:07]} 27. Kg2 {[%emt 0:00:03]} dxc4+
{[%emt 0:00:01] Leiphm1-001 reconnected. Leiphm1-001 reconnected. Leiphm1-001
reconnected. Leiphm1-001 reconnected. Leiphm1-001 reconnected.} 1-0